|
|
|
|
| LEADER |
01103ncm a22002892a 4500 |
| 001 |
001199901 |
| 003 |
CZ BrMZK |
| 005 |
20120629082631.0 |
| 007 |
qu |
| 008 |
120312s1956 xr |||||||||||||||||cze d |
| 040 |
|
|
|a BOA001
|b cze
|
| 072 |
|
7 |
|a 784
|x Vokální hudba
|2 Konspekt
|9 9
|
| 100 |
1 |
|
|a Rimon, Jan,
|d 1921-1991
|7 ola2008455849
|4 cmp
|
| 245 |
1 |
0 |
|a Kytička vzpomínek
|h [hudebnina] :
|b slowfox /
|c Jan Rimon ; slova: Mir. Zikán. Ospalé nádraží : foxtrot / Mojmír Smékal ; slova: Vl. Dvořák
|
| 250 |
|
|
|a 1. vyd.
|
| 260 |
|
|
|a Praha :
|b Státní nakladatelství krásné literatury, hudby a umění,
|c 1956
|
| 300 |
|
|
|a 16 hlasů
|
| 490 |
1 |
|
|a Taneční orchestr ;
|v 73
|
| 700 |
1 |
|
|a Zikán, Miroslav,
|d 1921-
|7 ola2003167578
|4 lyr
|
| 700 |
1 |
|
|a Smékal, Mojmír,
|d 1920-1995
|7 ola200200037
|4 cmp
|
| 700 |
1 |
|
|a Dvořák, Vladimír,
|d 1925-1999
|7 jk01030209
|4 lyr
|
| 740 |
0 |
2 |
|a Ospalé nádraží
|
| 830 |
|
0 |
|a Taneční orchestr
|
| 910 |
|
|
|a BOA001
|b Mus4-0360.383
|
| 990 |
|
|
|a MU
|
| 991 |
|
|
|b 201203
|
| 996 |
6 |
|
|b 2619598593
|c Mus4-0360.383
|l MZK
|r Sklad / do 1 hodiny
|n 0
|w 001233455
|u 000010
|a 1
|e BOA001
|j MZK50
|s P
|